A cash flow-kimutatás tervezése és más részlettervek összhangjának értékelése

Bibliographic Details
Main Author: Kulcsár Petra
Other Authors: Ilyés Dr. Csaba
Format: Final Paper
Kulcsszavak:Cash Flow
tervezés
fizetőképesség
Online Access:http://dolgozattar.uni-bge.hu/22470

MARC

LEADER 00000nta a2200000 i 4500
001 dolg22470
005 20190516144014.0
008 190516suuuu hu o 000 hun d
040 |a BGE Dolgozattár Repozitórium  |b hun 
041 |a hu 
100 1 |a Kulcsár Petra 
245 1 2 |a A cash flow-kimutatás tervezése és más részlettervek összhangjának értékelése  |c Kulcsár Petra  |h [elektronikus dokumentum] 
246 1 1 |a A cash flow-kimutatás tervezése és más részlettervek összhangjának értékelése 
516 |a Final_paper 
695 |a Cash Flow 
695 |a tervezés 
695 |a fizetőképesség 
700 1 |a Ilyés Dr. Csaba  |e ths 
856 4 0 |u http://dolgozattar.uni-bge.hu/22470/2/nyilatkozat.pdf  |z Dokumentum-elérés 
856 4 0 |u http://dolgozattar.uni-bge.hu/22470/3/Diplomadolgozat.Kulcs%C3%A1rPetra.T1GEBX.pdf  |z Dokumentum-elérés 
856 4 0 |u http://dolgozattar.uni-bge.hu/22470/4/Kulcs%C3%A1r%20Petra_titkos%C3%ADt%C3%A1si%20k%C3%A9relem.pdf  |z Dokumentum-elérés